=LDR 00000nam 2200000 4500 =001 NUTBA000000000005257 =005 20141027102515.0 =006 =007 =008 =020 ##$$a 978-979-933 - 16 -1 =035 ##$$a 0010-101400000000487 =040 ##$$a NBPDMAT =090 ##$$a 92 ( Thamrin ) $c Mar m =100 ##$$a Mardanas Safwan =245 ##$$a Muhammad Husni Thamrin/ $c Mardanas Safwan, Sutrisno Kutoyo =260 ##$$a Jakarta : $b Mutiara Sumber Widya, $c 2010 =300 ##$$a vi, 51 hlm. ; $c 20 cm. =500 ##$$a Bibilografi : hlm. 51 =650 ##$$a Thamrin, Muhammad Husni 1894 - 1941 =700 ##$$a Sutrisno Kutoyo =850 ##$$a NBPDMAT